| 000 | 00423nam a2200181Ia 4500 | ||
|---|---|---|---|
| 005 | 20251020182529.0 | ||
| 008 | 200515s9999 xx 000 0 und d | ||
| 082 | _a696.6/R21/2 | ||
| 100 | _aRAMIREZ VAZQUEZ, José | ||
| 245 | 0 | _aInstalaciones eléctricas | |
| 250 | _a14a ed. | ||
| 260 | _aBarcelona | ||
| 260 | _c1980 | ||
| 500 | _a1 ejemplar | ||
| 650 | _aINSTALACIONES ELECTRICAS | ||
| 650 | _aLIB | ||
| 942 | _cLIB | ||
| 999 |
_c2025 _d2025 |
||